Environmental Science In Practice : CD / (Record no. 5332)
[ view plain ]
| 000 -LEADER | |
|---|---|
| fixed length control field | 01353nac a22002291u 4500 |
| 008 - FIXED-LENGTH DATA ELEMENTS--GENERAL INFORMATION | |
| fixed length control field | 100509t xxu||||| |||| 00| 0 eng d |
| 010 ## - LIBRARY OF CONGRESS CONTROL NUMBER | |
| LC control number | 2006049816 |
| 020 ## - INTERNATIONAL STANDARD BOOK NUMBER | |
| International Standard Book Number | 013144204X |
| 082 00 - DEWEY DECIMAL CLASSIFICATION NUMBER | |
| Classification number | 363.7 |
| Item number | WRI |
| Edition number | 22 |
| 100 ## - MAIN ENTRY--PERSONAL NAME | |
| Personal name | Boorse, Dorothy |
| 9 (RLIN) | 13851 |
| 245 10 - TITLE STATEMENT | |
| Title | Environmental Science In Practice : CD / |
| Remainder of title | Global City / |
| Statement of responsibility, etc | Richard T. Wright and Dorothy Boorse. |
| 246 ## - VARYING FORM OF TITLE | |
| Title proper/short title | Toward a sustainable future |
| 250 ## - EDITION STATEMENT | |
| Edition statement | 9th ed. |
| 260 ## - PUBLICATION, DISTRIBUTION, ETC. (IMPRINT) | |
| Place of publication, distribution, etc | Upper Saddle River, N.J. : |
| Name of publisher, distributor, etc | Pearson/Prentice Hall,2005 |
| Date of publication, distribution, etc | c 2005. |
| 300 ## - PHYSICAL DESCRIPTION | |
| Extent | 1 CD-ROM : |
| Other physical details | sd., col. ; |
| Dimensions | 4 3/4 in. |
| 538 ## - SYSTEM DETAILS NOTE | |
| System details note | System requirements for accompanying CD-ROM: PC.Windows 98/Me/2000/NT/XP; Pentium II 233 MHz processor; 64 MB RAM; 800 x 600 pixel screen resolution or higher; color monitor running "Thousands of Colors" or higher; audio-capable system is recommended; 4x CD-ROM drive; speakers; netscape(TM) 6 or 7; Internet Explorer(TM) 5.5 or 6; Adobe Acrobat Reader 5.0 or higher; Internet connection; printer. |
| 650 #0 - SUBJECT ADDED ENTRY--TOPICAL TERM | |
| Topical term or geographic name as entry element | Environmental sciences |
| 9 (RLIN) | 13852 |
| 700 ## - ADDED ENTRY--PERSONAL NAME | |
| Personal name | Wright, Richard T., |
| 9 (RLIN) | 5111 |
| 942 ## - ADDED ENTRY ELEMENTS (KOHA) | |
| Item type | |
| Call number prefix | 363.7 WRI |
| Source of classification or shelving scheme | Dewey Decimal Classification |
| Withdrawn status | Lost status | Source of classification or shelving scheme | Damaged status | Not for loan | Home library | Current library | Shelving location | Date acquired | Source of acquisition | Total Checkouts | Full call number | Barcode | Date last seen | Date last borrowed | Koha item type |
|---|---|---|---|---|---|---|---|---|---|---|---|---|---|---|---|
| Dewey Decimal Classification | Central Library | Central Library | First floor | 14/11/2007 | Purchase | 1 | 363.7 WRI | 000006814 | 24/08/2022 | 23/03/2009 | CD | DVD - With book | ||||
| Dewey Decimal Classification | Central Library | Central Library | First floor | 09/05/2010 | 363.7 WRI | 000014267 | 24/08/2022 | CD | DVD - (NB) |